| 000 | 00989nam a22001937a 4500 | ||
|---|---|---|---|
| 003 | OSt | ||
| 005 | 20251216135551.0 | ||
| 008 | 251216b |||||||| |||| 00| 0 eng d | ||
| 040 | _cDCL | ||
| 082 | _a၂၉၄.၃၈၂၄၇ | ||
| 100 | 0 |
_aဣန္ဒေါဘာသမဟာထေရ်၊ _cဘဒ္ဒန္တ- |
|
| 245 | 0 | 0 |
_aပဉှာဝါရဝိပဿနာတရားတော်ကြီး၊ _pအမှတ်စဉ်(၂) / _cဘဒ္ဒန္တ ဣန္ဒေါဘာသမဟာထေရ်။ |
| 260 |
_aရန်ကုန် ၊ _bပြည်မြန်မာစာအုပ်တိုက်၊ _c၂၀၁၇။ |
||
| 300 |
_a၃၉၄ စာမျက်နှာ ၊ _c၂၇ စင်တီ။ |
||
| 504 | _aကျမ်းကိုးစာရင်းပါဝင်သည်။ | ||
| 650 | _aပဋ္ဌာန်း။ | ||
| 650 |
_aဗုဒ္ဓဘာသာ _vတရားတော်။ |
||
| 942 |
_2ddc _cSHORT TERM _n0 |
||
| 999 |
_c2732 _d2732 |
||